Mistrzowie Ligue 1 - piłka nożna - Statystyki

Ogólne statystyki
  • Ten quiz został rozwiązany 8 206 razy
  • Średni wynik to 9 z 19
Statystyki odpowiedzi
Tytuły Mistrz % Poprawnych
7 Olympique Lyon
88%
11 Paris Saint Germain
84%
9 Olympique Marsylia
83%
4 Lille OSC
70%
8 AS Monaco
65%
1 Olympique Lillois (Lille)
62%
4 OGC Nicea
51%
1 Montpellier HSC
47%
8 FC Nantes
46%
1 RC Lens
44%
10 AS Saint Etienne
40%
6 Girondins Bordeaux
40%
1 RC Strasbourg
37%
1 Racing Club de France
34%
6 Stade Reims
32%
1 AJ Auxerre
30%
2 FC Sochaux
20%
1 CO Roubaix Tourcoing
12%
2 FC Sete
6%
Nie znaleziono quizów pasujących do podanych kryteriów
Rozkład punktacji
Procent ludzi z każdym wynikiem
Percentyl według liczby udzielonych odpowiedzi
Twoja historia wyników
Nie rozwiązałeś tego quizu